Statistiques concernant Les 10 Capitales les plus proches de Hong-Kong

Cliquez ici pour prendre le quiz!

Statistiques générales

  • Ce quiz a été pris 46 fois
  • Le résultat moyen est 7 sur 10

Statistiques - réponses

Réponse% Correct
Pékin
100%
Bangkok
89%
Hanoï
89%
Séoul
82%
Taipei
76%
Vientiane
76%
Manille
73%
Phnom Penh
73%
Bandar Seri Begawan
42%
Naypyidaw
40%

Distribution des résultats

Percentile par nombre de réponses

% des personnes avec chaque résultat

Votre développement - résultats

Vous n’avez pas pris ce quiz